00690nam a2200205Ia 4500008004100000020001500041082001400056100001400070245006600084250000800150260002500158300001200183500002400195650001200219700001900231942000700250952010500257952010500362999001700467230524s9999 xx 000 0 und d a0070993378 a5.73bDAL aNell Dale 0aPascal Plus Data Structure Algorithms And Advance Programming a1ST aNEW DELHIbTMHc1998 aXIX;630 aQuantity Number: 2 aComp-Sc a Susan C. Lily cBK 00104070aTATCLbTATCLcGENd2023-05-24l0o005.73 DALp3812r2023-05-24w2023-05-24yBKzBCSE3102 00104070aTATCLbTATCLcGENd2023-05-24l0o005.73 DALp3813r2023-05-24w2023-05-24yBKzBCSE3102 c19760d19760